Historia y futuro de los papas: una roca sobre el caos

Saved in:
Bibliografiske detaljer
Hovedforfatter: Pikaza Ibarrondo, Xabier (Author)
Format: Bog
Sprog:spansk
Udgivet: Madrid Trotta 2006
Serier:Colección Estructuras y Procesos. Serie Religión
Fag:
Tags: Tilføj Tag
Ingen Tags, Vær først til at tagge denne postø!

MARC

LEADER 00000nam a2200000 a 4500
001 UCI1734
003 CL-VaPUC
008 070713e20060000SP |||||||||||||||||spa|d
020 |a 8481647454 
082 0 4 |a 262.13  |b PIK  |2 21 
100 0 |a Pikaza Ibarrondo, Xabier  |e author  |9 522400 
245 1 0 |a Historia y futuro de los papas: una roca sobre el caos 
300 |a 274 p 
942 |c BK 
945 |d 20070713 00:00:00  |a jtorresc 
260 |a Madrid  |b Trotta  |c 2006 
650 0 |a Papas  |9 258738 
650 0 |a Iglesia Católica  |9 256114 
650 0 |a Cristianismo  |9 257361 
650 0 |a Historia  |9 255047 
650 0 |a Problemas sociales  |9 258537 
583 |a last modification  |c 20070713 00:00:00  |k Rodrigo Vera 
490 0 |a Colección Estructuras y Procesos. Serie Religión 
999 |c 326489  |d 326487 
952 |0 0  |1 2  |4 0  |6 262_130000000000000_PIK_2006  |7 0  |8 A  |9 408406  |a BIBTEO  |b BIBTEO  |d 2019-11-22  |i 4357604  |o 262.13 PIK 2006  |p 4357604  |r 2019-11-22  |w 2019-11-22  |y BK  |k ICR